| 000 | 00000nam##2200000za#4500 |
| 001 | 9.692461 |
| 003 | CaOODSP |
| 005 | 20210624233227 |
| 007 | cr ||||||||||| |
| 008 | 150407|2009||||xxc|||||o f|0| 0 eng|d |
| 020 | |a978-1-100-13518-2 |
| 040 | |aCaOODSP|beng |
| 043 | |an-cn--- |
| 086 | 1 |aPH4-57/2009E-PDF |
| 110 | 1 |aCanada.|bPolicy Research Initiative. |
| 245 | 14|aThe values of youth in Canada - research paper / |h[electronic resource]|c[by] Marc Molgat. |
| 260 | |aOttawa - Ontario : |bPolicy Research Initiative |cMarch 2010. |
| 300 | |a53p.|bfigs., references, tables |
| 500 | |a"PRI Project - Investing in Youth" - on cover. |
| 590 | |a10-10|b2010-03-12 |
| 690 | 07|aEthics|2gcpds |
| 690 | 07|aYouth|2gcpds |
| 720 | 1 |aMolgat, Marc |
| 775 | 08|tLes valeurs des jeunes au Canada - rapport de recherche / |w(CaOODSP)9.636729 |
| 856 | 40|ahttp://publications.gc.ca|qPDF|s447 KB|uhttps://publications.gc.ca/collections/collection_2010/prp-pri/PH4-57-2009-eng.pdf |